01013cam a2200289 i 45000010008000000030009000080050017000170080041000340200015000750400038000900820020001281100031001482450096001792500020002752640054002953000044003493360026003933370028004193380027004475000020004746500040004946530031005346550017005659420012005829990017005949520112006112033971EG-ScBUE20250729102909.0921201s1993 dcua f 001 0 eng d a0841225028 aDLCbengerdacDLCdDLCdEG-ScBUE04a543.01222bREA2 aAmerican Chemical Society.10aReagent chemicals :bAmerican Chemical Society specifications, official from April 1, 1993. aEighth edition. 1aWashington : bAmerican Chemical Society, c1993. aix, 806 pages :billustrations ;c24 cm 2rdacontentatextbtxt aunmediated2rdamediabn avolumebnc2rdacarrier aIncludes index. 7aChemical tests and reagents.2BUEsh bGGENbENGCHEcDecember2017 vReading book 2ddccBB c25773d25745 00102ddc4070aMAINbMAINc1STd2017-12-24l0o543.01 REAp000046980r2025-07-15 00:00:00w2017-12-24yBB